¿Por qué la han tomado conmigo? : casos reales de mobbing /

Guardat en:
Dades bibliogràfiques
Autor principal: Mediavilla Nieto, Gerardo (autor)
Altres autors: Piñuel y Zabala, Iñaki (prólogo) (prólogo)
Format: Llibre
Idioma:espanyol
Publicat: Barcelona, España : Grijalbo, 2003, c2003
Matèries:
Etiquetes: Afegir etiqueta
Sense etiquetes, Sigues el primer a etiquetar aquest registre!

MARC

LEADER 00000nam^a2200000^a^4500
001 000183564
005 20250521000000.0
009 20260310102044.806
020 |a 84-253-3776-3 
037 |a Acervo ITESO - Biblioteca 
041 |a ESP 
082 |a 362. 8320946  |b MED 
100 |a Mediavilla Nieto, Gerardo  |e (autor) 
245 1 0 |a ¿Por qué la han tomado conmigo? :  |b casos reales de mobbing /  |c G. Mediavilla Nieto ; pról. de I. Piñuel y Zabala ; epílogo de Ma. José Blanco Berea. 
264 4 |a Barcelona, España :  |b Grijalbo,  |c 2003, c2003 
300 |a 265 p. 
336 |a texto  |b txt  |2 rdacontenido 
337 |a sin mediación  |b n  |2 rdamedio 
338 |a volumen  |b nc  |2 rdasoporte 
649 |a XX 
650 |a Acoso Laboral -  |z España -  |x Tema Principal 
650 |a Acoso -  |z España 
650 |a Violencia -  |z España 
650 |a Agresividad -  |z España 
650 |a Conducta Antisocial -  |z España 
650 |a Delitos contra la Persona -  |z España 
650 |a Problemas Sociales -  |z España 
650 |a Clima Organizacional -  |z España 
650 |a Relaciones Laborales -  |z España 
650 |a Comunicación Personal -  |z España 
650 |a Criminología 
650 |a Ciencias Administrativas 
650 |a Psicoterapia 
650 |a Psicología Clínica 
650 |a Psicología Laboral 
650 |a Sociología Laboral 
700 |a Piñuel y Zabala, Iñaki  |e (prólogo) 
910 |a Fondo General 
920 |a Impresos - Libros 
930 |a Colección General 
905 |a 101 
901 |a 0500123815  |b IT1  |c ACC  |u 20250521 
902 |a https://opac.biblio.iteso.mx/vufind/Record/000183564